000
00324nam a22001337a 4500
008
181005b xxu||||| |||| 00| 0 eng d
020
_a
9780521385305
041
_a
eng
080
_a
201
100
_a
24
101
_a
TEO
245
_a
Religion and the religions in the English Enlightment
_c
Harrison, P
942
_2
udc
_c
BK
999
_c
48880
_d
48880